| 000 | 00438nam a2200157 i 4500 | ||
|---|---|---|---|
| 001 | bg | ||
| 100 | 1 | _aPRZEWŁOCKA, Hanna. | |
| 245 | 0 |
_aMetody analizy instrumentalnej. _nCz.2 / _cHanna Przewłocka, Elżbieta Piekutowska, N. Zelichowicz. |
|
| 260 |
_aCzęstochowa, _c1971. |
||
| 700 | 1 | _aPIEKUTOWSKA, Elbieta. | |
| 700 | 1 | _aZELICHOWICZ, N. | |
| 040 | _cBPK | ||
| 041 | _apol | ||
| 942 | _cKS | ||
| 008 | s pl f |000 0 pol | ||
| 999 |
_c7444 _d7444 |
||
| 856 |
_uhttp://koha.tu.koszalin.pl/cgi-bin/koha/opac-detail.pl?biblionumber=7444 _yKatalog online BPK |
||